000
00320 a2200109 4500
001
ART_11372
005
20260410161856.0
008
260409a
245
1
0
_a
Burbujas especulativas racionales
100
1
_a
Jacobo, Alejandro D.
773
0
_t
Revista de Economía
_g
- Nº 79 (oct./dic. 1995)
_w
REV11077
999
_c
25509
_d
25509